LEADER 00940nam0-22003251i-450 001 990001749380403321 005 20190705104716.0 010 $a0-471-85128-0 035 $a000174938 035 $aFED01000174938 035 $a(Aleph)000174938FED01 035 $a000174938 100 $a20030910d1988----km-y0itay50------ba 101 0 $aeng 102 $aUS 200 1 $aIndustrial hygiene management$fedited by Jack T. Garrett, Lewis J. Cralley, Lester V. Cralley 210 $aNew York$cJohn Wiley & Sons$d1988 215 $aXV, 386 p.$d24 cm 610 0 $aIgiene industriale$aGestione 676 $a658.382 702 1$aCralley,$bLester V. 702 1$aCralley,$bLewis J. 702 1$aGarrett,$bJack T. 801 0$aIT$bUNINA$gRICA$2UNIMARC 901 $aBK 912 $a990001749380403321 952 $a60 658.382 GARJ 1988$b2551$fFAGBC 959 $aFAGBC 996 $aIndustrial hygiene management$9365554 997 $aUNINA LEADER 02540nam 2200565 450 001 9910818926803321 005 20170816143318.0 010 $a1-4704-0182-7 035 $a(CKB)3360000000464781 035 $a(EBL)3113764 035 $a(SSID)ssj0000888862 035 $a(PQKBManifestationID)11932378 035 $a(PQKBTitleCode)TC0000888862 035 $a(PQKBWorkID)10866244 035 $a(PQKB)10162293 035 $a(MiAaPQ)EBC3113764 035 $a(RPAM)692475 035 $a(PPN)195414799 035 $a(EXLCZ)993360000000464781 100 $a20140902h19971997 uy 0 101 0 $aeng 135 $aur|n|---||||| 181 $ctxt 182 $cc 183 $acr 200 10$aCR-geometry and deformations of isolated singularities /$fRagnar-Olaf Buchweitz, John J. Millson 210 1$aProvidence, Rhode Island :$cAmerican Mathematical Society,$d1997. 210 4$d©1997 215 $a1 online resource (111 p.) 225 1 $aMemoirs of the American Mathematical Society,$x0065-9266 ;$vVolume 125, Number 597 300 $a"January 1997, Volume 125, Number 597 (third of 5 numbers)." 311 $a0-8218-0541-X 320 $aIncludes bibliographical references (p. 95-96). 327 $a""Contents""; ""0. Introduction""; ""1. Controlling Differential Graded Lie Algebras""; ""2. Vector-Valued Differential Forms on Complex Manifolds""; ""3. Kuranishi's CR Deformation Theory""; ""4. The Global Tangent Complex of a Complex Analytic Space""; ""5. The Local Tangent Complex Controls the Flat Deformations of an Analytic Local Ring""; ""6. The Global Tangent Complex Controls the Flat Deformations of a Complex Analytic Space""; ""7. The Comparison of the Tangent Complex and the Kodaira-Spencer Algebra of a Complex Manifold""; ""8. The Akahori Complexes"" 327 $a""9. A Controlling Differential Graded Lie Algebra for Kuranishi's CR-deformation Theory""""10. Counterexamples""; ""References"" 410 0$aMemoirs of the American Mathematical Society ;$vVolume 125, Number 597. 606 $aCR submanifolds 606 $aDeformations of singularities 615 0$aCR submanifolds. 615 0$aDeformations of singularities. 676 $a516.3/6 700 $aBuchweitz$b Ragnar-Olaf$f1952-$01606531 702 $aMillson$b John J$g(John James),$f1946- 801 0$bMiAaPQ 801 1$bMiAaPQ 801 2$bMiAaPQ 906 $aBOOK 912 $a9910818926803321 996 $aCR-geometry and deformations of isolated singularities$93932355 997 $aUNINA LEADER 02095nam0 2200397 i 450 001 TO00721182 005 20251003044407.0 010 $a8832435349 020 $aIT$b99-11555 100 $a19990316d1999 ||||0itac50 ba 101 | $aita 102 $ait 181 1$6z01$ai $bxxxe 182 1$6z01$an 200 1 $aˆIl ‰bilancio d'esercizio delle imprese di assicurazione$eprincipi contabili nel mercato assicurativo dell'Ue., moderni approcci alla valutazione del rischio in campo assicurativo$fFulvio Gismondi, Giancarlo Curti, Tiziana Di Gregorio$gprefazione di Alfonso Desiata 210 $aMilano$cIl sole-24 ore$c[Milano]$cPricewaterhouseCoopers$d1999 215 $aXVIII, 510 p.$d22 cm. 225 | $aDiritto degli affari 312 $aTit. sul dorso: ˆIl ‰bilancio delle imprese di assicurazione.$9CFI0452492 410 0$1001REA0041001$12001 $aDiritto degli affari 517 1 $aˆIl ‰bilancio delle imprese di assicurazione.$9CFI0452492 606 $aCompagnie di assicurazione$xGestione$2FIR$3CFIC040258$9E 676 $a657.836$9CONTABILITA PER ASSICURAZIONI$v21 700 1$aGismondi$b, Fulvio$3TO0V257672$4070$0116846 701 1$aDi Gregorio$b, Tiziana$3RMGV009845$4070$0374398 701 1$aCurti$b, Giancarlo$3TO0V316079$4070$0729733 702 1$aDesiata$b, Alfonso$3UBOV119394 801 3$aIT$bIT-000000$c19990316 850 $aIT-BN0095 901 $bNAP 01$cAZ $n$ 901 $bNAP 01$cLT $n$ 912 $aTO00721182 950 0$aBiblioteca Centralizzata di Ateneo$c1 v. in due copie$d 01AZ (AR) 21 321$e 01C 0800213215 VMA (bis 1 v. (2. copia)$fY $h20130408$i20130408$c1 v. in tre copie$d 01AZ (AR) 26 980$e 01AR 0700269805 VMA (ter 1 v. (3. copia)$fY $h20190513$i20190513$c1 v.$d 01LT (AR) 26 B 979$e 01AR 0700269795 VMA 1 v.$fB $h20140701$i20140701 977 $a 01 996 $aBilancio d'esercizio delle imprese di assicurazione$91429966 997 $aUNISANNIO